header

Shakespeare's feminine endings (Record no. 178513)

MARC details
000 -LEADER
fixed length control field 01822nam a2200433Ia 4500
082 04 - DEWEY DECIMAL CLASSIFICATION NUMBER
Classification number 822.3/3
100 1# - MAIN ENTRY--AUTHOR NAME
Personal name Berry, Philippa,
245 10 - TITLE STATEMENT
Title Shakespeare's feminine endings
260 ## - PUBLICATION, DISTRIBUTION, ETC. (IMPRINT)
Place of publication London ;
-- New York :
Name of publisher Routledge,
Year of publication 1999.
300 ## - PHYSICAL DESCRIPTION
Number of Pages xiv, 197 p. :
Other physical details ill.
490 1# - SERIES STATEMENT
Series statement Feminist readings of Shakespeare
650 #0 - SUBJECT ADDED ENTRY--TOPICAL TERM
Topical Term Feminism and literature
Topical Term Feminism and literature
Topical Term Women and literature
Topical Term Women and literature
Topical Term Sex role in literature.
Topical Term Death in literature.
Topical Term Closure (Rhetoric)
856 40 - ELECTRONIC LOCATION AND ACCESS
Uniform Resource Identifier http://site.ebrary.com/lib/rucke/Doc?id=10054646

No items available.

© 2026 Rongo University
Contact us: librarian | system librarian | Rongo university